000 00829nam a2200265 a 4500
001 25433
003 CO-ViMGA
005 20230915232058.0
008 141112s2004 ck r 000 u spa d
015 _ack - 2006 - xxxx
020 _a9583505617
040 _aCO-ViMGA
_bspa
_cCO-ViMGA
041 _aspa
082 0 4 _a341.59 M65t6
100 1 _aMonroy Cabra, Marco Gerardo, 1940 -
_938800
245 1 0 _aTratado de derecho internacional privado /
_cMarco Gerardo Monroy Cabra.
250 _a6a.
260 _aBogotá :
_bEditorial Temis,
_c2006.
300 _axxix, 717 p. ; 24 cm.
500 _aIncluye índice.
650 1 4 _aDerecho internacional privado.
942 _2ddc
_cBK
949 _ac n
999 _c33021
_d33021